=LDR 00000nam 2200000 4500 =001 INLIS000000000050534 =005 20200313035626 =035 ##$$a 0010-0517000187 =007 ta =008 200313################g##########0#ind## =020 ##$$a 978-602-7545-030 =082 ##$$a 297.5 =084 ##$$a 297.5 BAD s =100 #$$a Badri, MUhammad MUhammad =245 1#$$a Sentuhan jiwa untuk anak kita /$c Dr. Muhammad Muhammad Badri ; editor, Tim Daun Publishing =250 ##$$a cet.2 =260 ##$$a Bekasi :$b Daun Publishing,$c 2016 =300 ##$$a xxvii, 896 hlm. ; $c 24 x 16 cm. =650 #4$$a Akhlak =990 ##$$a 31701184 =990 ##$$a 31701183